An investigation into the role and effectiveness of Scottish monitor farms (Record no. 109074)

MARC details
000 -LEADER
fixed length control field 01343cad a22002295a 4500
001 - CONTROL NUMBER
control field E146214
008 - FIXED-LENGTH DATA ELEMENTS--GENERAL INFORMATION
fixed length control field 081216s2008 xxk f s000 0 eng d
020 ## - INTERNATIONAL STANDARD BOOK NUMBER
International Standard Book Number 9780755918454
035 ## - SYSTEM CONTROL NUMBER
System control number (Sirsi) u146214
041 0# - LANGUAGE CODE
Language code of text/sound track or separate title eng
050 04 - LIBRARY OF CONGRESS CALL NUMBER
Classification number 630.09411 $2 18
110 2# - MAIN ENTRY--CORPORATE NAME
Corporate name or jurisdiction name as entry element ADAS UK
9 (RLIN) 5670
245 03 - TITLE STATEMENT
Title An investigation into the role and effectiveness of Scottish monitor farms
Medium [electronic resource]
260 ## - PUBLICATION, DISTRIBUTION, ETC.
Place of publication, distribution, etc. Wolverhampton
Name of publisher, distributor, etc. ADAS UK
Date of publication, distribution, etc. 2008
520 ## - SUMMARY, ETC.
Summary, etc. Reports on the progress of the Monitor Farm Project, which began in Scotland in 2003. The Project is intended to increase the profitability of a farm over a three year period, by bringing the farmer together with other rural professionals who agree and implement improvements with him. There are 11 monitor farms currently in operation in Scotland and five have finished the 3 year programme. Suggests that the Project has succeeded in its aim of achieving business improvements on the Monitor Farms, as well as amongst the groups working with the farmers, and the wider farming community.
521 ## - TARGET AUDIENCE NOTE
Target audience note Advanced
590 ## - LOCAL NOTE (RLIN)
Local note KA
651 #4 - SUBJECT ADDED ENTRY--GEOGRAPHIC NAME
Geographic name Scotland
Chronological subdivision 1999-
690 ## - LOCAL SUBJECT ADDED ENTRY--TOPICAL TERM (OCLC, RLIN)
Topical term or geographic name as entry element ENVIRONMENTAL AND LAND CONSULTANCY-AGRIBUSINESS-AGRICULTURE
856 40 - ELECTRONIC LOCATION AND ACCESS
Uniform Resource Identifier <a href="https://www.scotland.gov.uk/Publications/2008/10/29093936/0">https://www.scotland.gov.uk/Publications/2008/10/29093936/0</a>
Public note View the report free of charge at www.scotland.gov.uk...
942 ## - ADDED ENTRY ELEMENTS (KOHA)
Suppress in OPAC 0
Holdings
Withdrawn status Lost status Source of classification or shelving scheme Damaged status Not for loan Home library Current library Shelving location Date acquired Total Checkouts Full call number Barcode Date last seen Copy number Price effective from Koha item type
    Dewey Decimal Classification     Virtual Virtual Online 16/12/2008   ONLINE PUBLICATION 146214-2001 06/08/2019 1 06/08/2019 Book